Statistiken für Harry Potter Zitate #3

Klicken Sie hier um das Quiz zu spielen!

Allgemein

  • Dieses Quiz wurde 1.078 mal gespielt
  • Das Durchschnittsergebnis liegt bei 11 aus 18

Antwortstatistiken

HintAntwort% Korrekt
Ist er nicht ein Prachtexemplar? Darf ich vorstellen. Das ist Seidenschnabel!Rubeus Hagrid
99%
Nagini … Essen!Lord Voldemort
90%
Ihr zieht euch am besten eure Umhänge an. Wir werden wohl demnächst ankommen.Hermine Granger
88%
Oh, die Post ist da.Ron Weasley
87%
Mit dem Wahnsinn im Inneren müsstest du dich ja bestens auskennen, oder, Remus.Sirius Black
85%
Äh, bitte ohne Zauberstäbe. Jetzt sprecht mir nach: RiddikulusRemus Lupin
80%
Lachen Sie ruhig, Mr. Finnegan, aber Wichtel sind verteufelt trickreiche keine Biester.Gilderoy Lockhart
76%
Dementoren sind böse Kreaturen. Sie unterscheiden nicht zwischen dem, den sie jagen und dem, der sich Ihnen in den Weg stellt.Albus Percival Wulfric Brian Dumbledore
73%
Wenn er daneben steht, verdächtigt niemand den b-b-b-bedauernswerten, st-st-stotternden …Quirrell
72%
Was das ist? Nun, das ist das Zeichen der Heiligtümer des Todes.Xenophilius Lovegood
62%
Sag, lebt er? Ist er am Leben?Narzissa Malfoy
52%
Hast du jemanden aufgespürt?Argus Filch
41%
Das ist ein Zeichen Severus. Wir wissen beide, was das bedeutet.Igor Karkaroff
41%
Ich habe gesagt, ich bringe Sie rein. Davon, dass ich Sie wieder raus bringe, war niemals die Rede.Griphook
39%
Ungezogener Bengel! Stolziert hier rum, frech wie sonst was!Kreacher
23%
Du siehst ja echt … heiß aus.Parvati Patil
20%
Für immer und ewig. Wenn sie je erfahren würden, dass … bei Ihnen war.Dobby
15%
Dies sind dunkle Zeiten, es lässt sich nicht leugnen.Rufus Scrimgeour
8%

Verteilung der Resultate

Perzentil nach korrekt beantworteten Fragen

Anzahl Personen mit jedem Resultat

Ihre Resultats-Entwicklung

Sie haben dieses Quiz noch nicht gespielt